Classical Music / (Record no. 33506)

MARC details
000 -LEADER
fixed length control field 01842nam a22003617a 4500
005 - DATE AND TIME OF LATEST TRANSACTION
control field 19970904051429.3
008 - FIXED-LENGTH DATA ELEMENTS--GENERAL INFORMATION
fixed length control field 970904m19271929ii a 001 0aeng
010 ## - LCCN (DPL NO)
LC control number ENG-95761
020 ## - INTERNATIONAL STANDARD BOOK NUMBER
International Standard Book Number 9788183280686
Terms of availability 695.00
020 ## - INTERNATIONAL STANDARD BOOK NUMBER
International Standard Book Number 8183280684
Terms of availability 695.00
035 ## - SYSTEM CONTROL NUMBER
System control number EN-79294
037 ## - SOURCE OF ACQUISITION
Source of stock number/acquisition DBAD/PUB
040 ## - CATALOGING SOURCE
Original cataloging agency DPL
082 ## - DEWEY DECIMAL CLASSIFICATION NUMBER
Classification number 781.690954
100 ## - MAIN ENTRY--PERSONAL NAME
Personal name Chaudhuri, Debu.
9 (RLIN) 31087
245 ## - TITLE STATEMENT
Title Classical Music /
Statement of responsibility, etc text by Debu Chaudhuri ; photographs by Avinash Pasricha
260 ## - PUBLICATION, DISTRIBUTION, ETC. (IMPRINT)
Place of publication, distribution, etc New Delhi
Name of publisher, distributor, etc Wisdom Tree Academic
Date of publication, distribution, etc 2007
270 ## - ADDRESS
Address 4779/23, Ansari Road, Darya Ganj
City New Delhi
Postal code 110002
300 ## - PHYSICAL DESCRIPTION
Extent 106p. ;
Dimensions 22 cm.(Hb)
Other physical details ill. (some col.)
490 ## - SERIES STATEMENT
Series statement Incredible India / edited by Varsha Das
-- 31088
500 ## - GENERAL NOTE
General note "By arrangement with Department of Tourism, Ministry of Culture, Government of India."
650 ## - SUBJECT ADDED ENTRY--TOPICAL TERM
Topical term or geographic name as entry element Music
Geographic subdivision India
General subdivision History and criticism.
9 (RLIN) 31089
650 ## - SUBJECT ADDED ENTRY--TOPICAL TERM
Topical term or geographic name as entry element Hindustani music
General subdivision History and criticism.
9 (RLIN) 1187
650 ## - SUBJECT ADDED ENTRY--TOPICAL TERM
Topical term or geographic name as entry element Carnatic music
General subdivision History and criticism.
9 (RLIN) 31090
700 ## - ADDED ENTRY--PERSONAL NAME
Personal name Pasrich, Avinash
9 (RLIN) 31091
700 ## - ADDED ENTRY--PERSONAL NAME
Personal name Das, Varsha
9 (RLIN) 31092
942 ## - ADDED ENTRY ELEMENTS (KOHA)
Source of classification or shelving scheme Dewey Decimal Classification
Item type English Books
Call number suffix CHA
Classification part 781.690954
Holdings
Withdrawn status Lost status Source of classification or shelving scheme Damaged status Not for loan Collection code Home library Current library Date acquired Source of acquisition Cost, normal purchase price Total Checkouts Full call number Barcode Date last seen Copy number Cost, replacement price Koha item type Total Renewals
    Dewey Decimal Classification     Non-fiction Central Library Central Library 04/08/2011 Allied/DE/2010/CR/0003015/31.3.11/293/24.3.11/191/31.3.11 695.00 3 781.690954 CHA B-437486 15/03/2022 1 695.00 English Books 2
    Dewey Decimal Classification   Not For Loan Non-fiction D.B.Act.Division D.B.Act.Division 31/12/2009 DBAD/PUB 695.00   781.690954 CHA EN-79294 06/01/2010 1 695.00 English Books  
    Dewey Decimal Classification     Non-fiction Sarojini Nagar Sarojini Nagar 04/08/2011 Allied/DE/2010/CR/0003015/31.3.11/293/24.3.11/191/31.3.11 695.00 1 781.690954 CHA B-437487 28/02/2022 1 695.00 English Books  

© Delhi Public Library
Hit Counter
free hit counter